[Event "ARG-ch sf 94th"]
[Site "Buenos Aires"]
[Date "2019.04.04"]
[Round "6"]
[White "Cisneros, German"]
[Black "Guelman, Jorge Miguel"]
[Result "1-0"]
[WhiteElo "1866"]
[BlackElo "1564"]
[PlyCount "61"]
[EventDate "2019.03.30"]
[EventType "swiss"]
[EventRounds "9"]
[EventCountry "ARG"]
[SourceTitle "CBM 189 Extra"]
[Source "ChessBase"]
[SourceDate "2019.06.03"]
[SourceVersion "1"]
[SourceVersionDate "2019.06.03"]
[SourceQuality "1"]

1. d4 Nf6 2. Nf3 d5 3. Bf4 c6 4. e3 Bg4 5. c4 e6 6. Be2 Bb4+ 7. Nbd2 Ne4 8. 0-0 Nxd2 9. Nxd2 Bxe2 10. Qxe2 Bd6 11. Bxd6 Qxd6 12. c5 Qe7 13. b4 0-0 14. a4 Nd7 15. e4 Rfe8 16. e5 f6 17. f4 fxe5 18. fxe5 Rf8 19. b5 Rxf1+ 20. Rxf1 Rf8 21. bxc6 Rxf1+ 22. Qxf1 bxc6 23. Qa6 Nf8 24. Qxc6 h6 25. Nf3 g5 26. Qd6 Qb7 27. h3 Qb1+ 28. Kh2 Qc1 29. c6 Qf4+ 30. Kh1 Qc1+ 31. Ng1 1-0

[Event "ARG-ch sf 94th"]
[Site "Buenos Aires"]
[Date "2019.03.30"]
[Round "1"]
[White "Guelman, Jorge Miguel"]
[Black "Aguerreberry, Claudio"]
[Result "0-1"]
[WhiteElo "1564"]
[BlackElo "2224"]
[PlyCount "88"]
[EventDate "2019.03.30"]
[EventType "swiss"]
[EventRounds "9"]
[EventCountry "ARG"]
[SourceTitle "CBM 189 Extra"]
[Source "ChessBase"]
[SourceDate "2019.06.03"]
[SourceVersion "1"]
[SourceVersionDate "2019.06.03"]
[SourceQuality "1"]

1. Nf3 c5 2. c3 Nf6 3. d4 e6 4. Bg5 Be7 5. e3 Nc6 6. Nbd2 d6 7. Bd3 h6 8. Bxf6 Bxf6 9. 0-0 0-0 10. dxc5 dxc5 11. Ne4 Be7 12. Be2 b6 13. Qxd8 Rxd8 14. Rfd1 Bb7 15. Rd2 Rxd2 16. Nexd2 Rd8 17. Kf1 Ne5 18. Ke1 Nd3+ 19. Bxd3 Rxd3 20. Ke2 Rd8 21. Rd1 Bf6 22. Ke1 Bd5 23. a3 b5 24. Ke2 Kf8 25. Ke1 g5 26. h3 h5 27. e4 Ba8 28. Ke2 c4 29. Ke1 Kg7 30. Ke2 Kg6 31. Ne1 Bg7 32. Nef3 f5 33. e5 Rd5 34. Nf1 Rxd1 35. Kxd1 g4 36. hxg4 hxg4 37. Nd4 a6 38. Nxe6 Bxe5 39. Ne3 Bb7 40. g3 Bc8 41. Nd4 f4 42. gxf4 Bxf4 43. Nd5 Bd6 44. Ne3 Bc5 0-1

[Event "ARG-ch sf 92nd"]
[Site "Buenos Aires"]
[Date "2017.07.17"]
[Round "9.38"]
[White "Juarez, Facundo Andres"]
[Black "Guelman, Jorge Miguel"]
[Result "1-0"]
[WhiteElo "1828"]
[BlackElo "1601"]
[PlyCount "53"]
[EventDate "2017.07.10"]
[EventType "swiss"]
[EventRounds "9"]
[EventCountry "ARG"]
[SourceTitle "EXT 2018"]
[Source "ChessBase"]
[SourceDate "2017.10.13"]
[SourceVersion "1"]
[SourceVersionDate "2017.10.13"]
[SourceQuality "1"]

1. e4 c5 2. c3 Nf6 3. e5 Nd5 4. d4 e6 5. Nf3 cxd4 6. cxd4 Bb4+ 7. Bd2 Bxd2+ 8. Qxd2 Nc6 9. Nc3 Qa5 10. Bd3 0-0 11. 0-0 f6 12. Rfe1 Nxc3 13. bxc3 fxe5 14. Nxe5 Qd8 15. Re3 d6 16. Nf3 Qf6 17. Rae1 Ne7 18. c4 Bd7 19. Qb4 Rad8 20. Qxd6 Bc8 21. Qc5 Nc6 22. d5 exd5 23. cxd5 Nb8 24. Qxa7 Na6 25. Qd4 Qxd4 26. Nxd4 Rxd5 27. Bc4 1-0

[Event "ARG-ch sf 92nd"]
[Site "Buenos Aires"]
[Date "2017.07.15"]
[Round "7"]
[White "Chan, Daniel Roberto"]
[Black "Guelman, Jorge Miguel"]
[Result "1-0"]
[WhiteElo "1854"]
[BlackElo "1601"]
[PlyCount "63"]
[EventDate "2017.07.10"]
[EventType "swiss"]
[EventRounds "9"]
[EventCountry "ARG"]
[SourceTitle "EXT 2018"]
[Source "ChessBase"]
[SourceDate "2017.10.13"]
[SourceVersion "1"]
[SourceVersionDate "2017.10.13"]
[SourceQuality "1"]

1. d4 Nf6 2. Bf4 Nh5 3. Bg5 h6 4. Bc1 Nf6 5. Nf3 d5 6. e3 Bg4 7. Bd3 c6 8. Nbd2 Nbd7 9. h3 Bxf3 10. Nxf3 e6 11. 0-0 Bd6 12. c3 0-0 13. Bd2 e5 14. dxe5 Nxe5 15. Nxe5 Bxe5 16. Qc2 Bb8 17. g3 Re8 18. c4 Ne4 19. Be1 Ng5 20. Kg2 Qd7 21. Bf5 Qd8 22. Rd1 a5 23. h4 Ne6 24. Bc3 Nc7 25. cxd5 cxd5 26. Qd3 Ra6 27. Qd4 Rf6 28. Qg4 h5 29. Qg5 Ne6 30. Bxf6 Qxf6 31. Qxf6 gxf6 32. Rxd5 1-0

[Event "ARG-ch sf 92nd"]
[Site "Buenos Aires"]
[Date "2017.07.15"]
[Round "6"]
[White "Guelman, Jorge Miguel"]
[Black "Martin, Luis Jacinto"]
[Result "1-0"]
[WhiteElo "1601"]
[BlackElo "1763"]
[PlyCount "46"]
[EventDate "2017.07.10"]
[EventType "swiss"]
[EventRounds "9"]
[EventCountry "ARG"]
[SourceTitle "EXT 2018"]
[Source "ChessBase"]
[SourceDate "2017.10.13"]
[SourceVersion "1"]
[SourceVersionDate "2017.10.13"]
[SourceQuality "1"]

1. d4 Nf6 2. c3 e6 3. Bg5 Be7 4. Nf3 b6 5. e3 Bb7 6. Nbd2 d5 7. Bd3 Nbd7 8. Qa4 a6 9. 0-0 0-0 10. Ne5 b5 11. Qd1 Re8 12. f4 Nf8 13. f5 h6 14. Bh4 c5 15. Bxf6 Bxf6 16. Ng4 c4 17. Bc2 e5 18. dxe5 Bxe5 19. f6 Nd7 20. Nxh6+ Kf8 21. fxg7+ Kxg7 22. Rxf7+ Kxh6 23. Rh7+ Kg5 1-0

[Event "Buenos Aires 110 Years Argentino CC"]
[Site "Buenos Aires"]
[Date "2015.04.09"]
[Round "1.13"]
[White "Guelman, Jorge Miguel"]
[Black "Torella, Rodolfo"]
[Result "0-1"]
[WhiteElo "1610"]
[BlackElo "2038"]
[PlyCount "40"]
[EventDate "2015.04.09"]
[EventType "swiss"]
[EventRounds "9"]
[EventCountry "ARG"]
[SourceTitle "EXT 2024"]
[Source "ChessBase"]
[SourceDate "2023.10.10"]
[SourceVersion "1"]
[SourceVersionDate "2023.10.10"]
[SourceQuality "1"]

1. d4 Nf6 2. Nf3 g6 3. Bg5 Bg7 4. e3 0-0 5. Nbd2 d6 6. c3 c5 7. h3 Nc6 8. Bd3 Qc7 9. 0-0 b6 10. Rc1 Bb7 11. Ne4 Nxd4 12. cxd4 Nxe4 13. Bf4 Qd7 14. Qc2 Nf6 15. a4 Bxf3 16. gxf3 Qxh3 17. Qe2 Nh5 18. Bh2 cxd4 19. exd4 Bh6 20. Rc7 Bf4 0-1

[Event "Buenos Aires CC Argentino op"]
[Site "Buenos Aires"]
[Date "2014.04.24"]
[Round "1"]
[White "Guelman, Jorge Miguel"]
[Black "Ocantos, Manuel"]
[Result "0-1"]
[WhiteElo "1655"]
[BlackElo "2180"]
[PlyCount "68"]
[EventDate "2014.04.24"]
[EventType "swiss"]
[EventRounds "9"]
[EventCountry "ARG"]
[SourceTitle "EXT 2016"]
[Source "ChessBase"]
[SourceDate "2015.10.08"]
[SourceVersion "1"]
[SourceVersionDate "2015.10.08"]
[SourceQuality "1"]

1. d4 Nf6 2. Bg5 d5 3. Nf3 Bf5 4. Nh4 Bg4 5. h3 Bh5 6. Bxf6 exf6 7. g4 Bg6 8. Nxg6 hxg6 9. Nd2 c6 10. Bg2 Nd7 11. c3 f5 12. e3 Bd6 13. Qe2 Nf6 14. c4 dxc4 15. Nxc4 Bb4+ 16. Kf1 0-0 17. Ne5 Bd6 18. Nc4 Bc7 19. Rd1 Re8 20. gxf5 gxf5 21. Qc2 Ne4 22. Nd2 Qe7 23. h4 Nxf2 24. Kxf2 Qxe3+ 25. Kf1 Qe2+ 26. Kg1 Qe3+ 27. Kf1 Qe2+ 28. Kg1 Bg3 29. Rh3 Qf2+ 30. Kh1 Re2 31. Bf3 Re1+ 32. Rxe1 Qxe1+ 33. Kg2 Qf2+ 34. Kh1 Re8 0-1

[Event "Buenos Aires Duchamp Memorial op 4th"]
[Site "Buenos Aires"]
[Date "2012.10.25"]
[Round "4"]
[White "Alonso, Sergio"]
[Black "Guelman, Jorge Miguel"]
[Result "1/2-1/2"]
[WhiteElo "1507"]
[BlackElo "1656"]
[PlyCount "58"]
[EventDate "2012.10.22"]
[EventType "swiss"]
[EventRounds "9"]
[EventCountry "ARG"]
[SourceTitle "EXT 2013"]
[Source "ChessBase"]
[SourceDate "2012.11.22"]
[SourceVersion "1"]
[SourceVersionDate "2012.11.22"]
[SourceQuality "1"]

1. e4 c5 2. Nf3 Nc6 3. Bb5 Qb6 4. Bxc6 Qxc6 5. d3 d6 6. 0-0 e5 7. Nc3 Nf6 8. Bg5 Be7 9. Bxf6 Bxf6 10. Nd5 Bd8 11. Qd2 Be6 12. c4 h6 13. b4 Bg4 14. Ne3 Bxf3 15. gxf3 Bg5 16. a3 0-0 17. Qe2 Qc8 18. Kh1 Qh3 19. Rg1 Rae8 20. Rg3 Qc8 21. Rag1 g6 22. Nd5 Kg7 23. Qb2 Kh7 24. f4 exf4 25. Rxg5 hxg5 26. Nf6+ Kh6 27. Ng4+ Kh7 28. Nf6+ Kh6 29. Ng4+ Kh7 1/2-1/2

[Event "Buenos Aires Duchamp Memorial op 4th"]
[Site "Buenos Aires"]
[Date "2012.10.23"]
[Round "2"]
[White "Guelman, Jorge Miguel"]
[Black "Gras, Carlos"]
[Result "0-1"]
[WhiteElo "1656"]
[BlackElo "1994"]
[PlyCount "40"]
[EventDate "2012.10.22"]
[EventType "swiss"]
[EventRounds "9"]
[EventCountry "ARG"]
[SourceTitle "EXT 2013"]
[Source "ChessBase"]
[SourceDate "2012.11.22"]
[SourceVersion "1"]
[SourceVersionDate "2012.11.22"]
[SourceQuality "1"]

1. d4 Nf6 2. Nf3 g6 3. Bg5 Bg7 4. h3 0-0 5. e3 d5 6. Nbd2 c5 7. c3 cxd4 8. exd4 Nc6 9. Bd3 Qb6 10. Rb1 h6 11. Bh4 Nh5 12. 0-0 e5 13. dxe5 Nf4 14. Bc2 Nxe5 15. Nxe5 Bxe5 16. Nf3 Bg7 17. Bg3 Nh5 18. Be5 Nf6 19. Qe1 Bd7 20. Bd4 Qd6 0-1